UBT Library

Sustainable construction and design / (Record no. 43981)

000 -LEADER
fixed length control field 00972cam a2200265 a 4500
001 - CONTROL NUMBER
control field 15685036
005 - DATE AND TIME OF LATEST TRANSACTION
control field 20180302043724.0
007 - PHYSICAL DESCRIPTION FIXED FIELD--GENERAL INFORMATION
fixed length control field co |g|||||||||
008 - FIXED-LENGTH DATA ELEMENTS--GENERAL INFORMATION
fixed length control field 090403s2010 njua b 001 0 eng
010 ## - LIBRARY OF CONGRESS CONTROL NUMBER
LC control number 2009012972
020 ## - INTERNATIONAL STANDARD BOOK NUMBER
International Standard Book Number 9780135027288 (alk. paper)
020 ## - INTERNATIONAL STANDARD BOOK NUMBER
International Standard Book Number 0135027284 (alk. paper)
035 ## - SYSTEM CONTROL NUMBER
System control number (OCoLC)ocn268788759
040 ## - CATALOGING SOURCE
Original cataloging agency DLC
Transcribing agency DLC
Modifying agency YDX
-- BTCTA
-- YDXCP
-- DLC
041 ## - LANGUAGE CODE
Language code of text/sound track or separate title eng
080 ## - UNIVERSAL DECIMAL CLASSIFICATION NUMBER
Universal Decimal Classification number 690
082 00 - DEWEY DECIMAL CLASSIFICATION NUMBER
Classification number 690 LEF
Edition number 22
100 1# - Rafti
Rafti 41
101 ## - Shkurtesa
Shkurtesa ARK
245 10 - TITLE STATEMENT
Title Sustainable construction and design /
Statement of responsibility, etc M. Regina Leffers.
504 ## - BIBLIOGRAPHY, ETC. NOTE
Bibliography, etc Includes bibliographical references and index.
906 ## - LOCAL DATA ELEMENT F, LDF (RLIN)
a 7
b cbc
c orignew
d 1
e ecip
f 20
g y-gencatlg
942 ## - ADDED ENTRY ELEMENTS (KOHA)
Source of classification or shelving scheme
Item type Books
Holdings
Withdrawn status Lost status Source of classification or shelving scheme Damaged status Not for loan Collection code Permanent location Current location Shelving location Date acquired Total Checkouts Full call number Barcode Date last seen Price effective from Koha item type
          Koleksioni i përgjithshem UBT - Lipjan UBT - Lipjan Koleksioni i lëndeve mesimore 03/02/2018   690 LEF 002-3000798 03/02/2018 03/02/2018 Books
UBT Library © 2015-2024. All rights reserved University Education for Business and Technology